Selections from Esping-Andersen's The Three worlds of welfare capitalism, chapters 1-2
Salvato in:
| Natura: | testo |
|---|---|
| Tags: |
Aggiungi Tag
Nessun Tag, puoi essere il primo ad aggiungerne!!
|
MARC
| LEADER | 00000 a a2200000 04500 | ||
|---|---|---|---|
| 001 | 44737 | ||
| 003 | |||
| 040 | |||
| 245 | |a Selections from Esping-Andersen's The Three worlds of welfare capitalism, chapters 1-2 | ||
| 999 | |c 25818 |d 25818 | ||
